000
00227nam a22000857a 4500
008
161026b xxu||||| |||| 00| 0 eng d
100
_9
956
_a
Dahl.R.
245
_a
Charline and the Chocolate
260
_a
USA
_b
Jonathan Publications
_c
1995
999
_c
3611
_d
3611